000 01046nam0a2200325 4500
001 RU\NLR\BIBL_A\011357632
005 20260406071817.0
010 _a9785699817955
_95000
021 _aRU
_b2017-16068
_91190
035 _a(RuMoRGB)008820965
035 _a(NLR Aleph) 011357632
090 _a11282259
_c11282259
100 _a20170403d2017 u y0rusy50 ca
101 1 _arus
_ceng
102 _aRU
105 _aa|||z 000 y
200 1 _aУченик убийцы
_e[для старшего школьного возраста]
_fЙон Колфер
_g[пер. с англ. А. Б. Васильевой]
210 _aМосква
_cЭксмо
_d2017
215 _a412, [2] с.
_cил.
_d21
225 1 _aПАУКС
333 _a16+
686 _aШ9(2)72(4И)
_2rubbk
686 0 _aШ9(4И)62-4
700 1 _8rus
_7ca
_aКолфер
_bЙ.
_f1965-
_gЙон
_3RU\NLR\AUTH\7728877
_911906
942 _cBOOK
980 _aNBR